| 000 | 00769cam a2200229 4500 | ||
|---|---|---|---|
| 001 | ABS61622 | ||
| 008 | 000000n1999 000 0 eng u | ||
| 035 | _a(Sirsi) u102798 | ||
| 100 | _aWilson, D. | ||
| 245 | _aOrganic farming: putting principles into practice | ||
| 260 | _c1999 | ||
| 490 |
_aRural Property Bulletin _vSeptember/October 1999, 21-23(3) |
||
| 520 | _aExamines the principles behind organic farming, and how they affect farm management practices. Also includes information on production standards and conversion to organic production. | ||
| 590 | _aABS | ||
| 650 | _aORGANIC FARMING | ||
| 650 | _aFARM MANAGEMENT | ||
| 650 | _aAGRICULTURE | ||
| 650 | _aSTANDARDS | ||
| 650 | _aFARMING PRACTICES | ||
| 690 | _aRURAL PRACTICE | ||
| 942 | _n0 | ||
| 999 |
_c61773 _d61773 |
||